01281nam a2200181Ia 4500008004100000020001800041050002000059100004300079245006900122250002000191260003500211300003100246500002300277500018500300504003100485505054300516650004001059120625s2006 mx 001 0 spa d a9789707821514 4aBD25 bG88 20061 aGutiérrez Sáenz, Raúle , autor 10aIntroducción a la filosofía c / Raúl Gutiérrez Saénz  a15a. edición  aMéxicob : Esfinge c , 2006 a343 páginas c ; 22 cm.  a1a. edición 1992 aEjemplar 1 (04 002826) y 5 (04 003141) son 4a. reimpresión 2010 Ejemplar 2 (04 002949) y 3 (04 002950) son 2a. reimpresión 2008 Ejemplar 4 (04 002951) es 3a. reimpresión 2009 aBibliografía: pp.331-3340 aQué significa filosofía Las principales cosmovisiones El conocimiento y el orden lógico La verdad y el problema crítico El conocimiento holístico Meditación profunda El ser humano Sentido comunitario e integración humana Desarrollo humano en función del amor Apostillas psicológicas al tema del amor Estatuto científico de la ética La libertad y sus limitaciones Valor moral Seis criterios de conducta El ser y sus coprincipios El problema del mal Esencia y existencia de dios Tendencia al absoluto  4aFILOSOFÍAxESTUDIO Y ENSEÑANZA